000 00497nam a2200169Ia 4500
999 _c29004
_d29004
003 OSt
005 20201228122338.0
008 190216s9999||||xx |||||||||||||| ||und||
040 _coclc
082 _a894.812301
_bVAL/V
100 _aValsala, P
_96547
245 0 _aValsalayude Sthreekal /
_cP Valsala
260 _bMathrubhumi Printing & publishing,
_aKozhikode:
_c2005.
300 _a148p
650 _aKathakal
942 _cBK
_2ddc
_h894.812301
_iVAL/V
_k894.812301
_mVAL/V